000 00480cam a2200181ua 4500
001 11105
008 190808n ii |||gr||||Z||||||eng
020 _a9788193070338
040 _cMAIN
041 _aeng
082 _a305.4
100 _aMaitrayee Chaudhuri,
_eAuthor.
245 _aThe indian womens movement :
_breform and revival /
_cBy Maitrayee Chaudhuri .
260 _aNew Delhi:
_bWinshield press,
_c2015.
300 _a218p.
653 _aSocial groups
942 _cBK
999 _c9978
_d9978